[Event "Nizhnij Novgorod Region-ch"]
[Site "Nizhnij Novgorod"]
[Date "2013.10.19"]
[Round "2"]
[White "Ikonnikov, Georgy"]
[Black "Maksimov, Sergey A"]
[Result "1/2-1/2"]
[WhiteElo "1941"]
[BlackElo "1769"]
[PlyCount "60"]
[EventDate "2013.10.19"]
[EventType "swiss"]
[EventRounds "9"]
[EventCountry "RUS"]
[SourceTitle "EXT 2022"]
[Source "ChessBase"]
[SourceDate "2021.10.06"]
[SourceVersion "1"]
[SourceVersionDate "2021.10.06"]
[SourceQuality "1"]

1. e3 c5 2. Nf3 a6 3. h3 d5 4. b3 Nc6 5. Bb2 Qc7 6. Be2 e5 7. Nc3 Nf6 8. d3 d4 9. Ne4 Nd5 10. exd4 exd4 11. g3 f5 12. Ned2 b5 13. Nh4 Ne3 14. Qc1 Nb4 15. fxe3 Qxg3+ 16. Kd1 Qxh4 17. Nf3 Qd8 18. exd4 Bb7 19. Re1 Be7 20. dxc5 0-0 21. Rg1 Bf6 22. a3 Nc6 23. Rb1 Nd4 24. Nxd4 Bxd4 25. Bxd4 Qxd4 26. Qg5 Rae8 27. Kd2 f4 28. Bh5 Qe3+ 29. Kc3 Qe5+ 30. Kd2 Qe3+ 1/2-1/2

[Event "Nizhnij Novgorod Region-ch"]
[Site "Nizhnij Novgorod"]
[Date "2013.10.19"]
[Round "7"]
[White "Lisin, Egor"]
[Black "Maksimov, Sergey A"]
[Result "0-1"]
[WhiteElo "1657"]
[BlackElo "1769"]
[PlyCount "46"]
[EventDate "2013.10.19"]
[EventType "swiss"]
[EventRounds "9"]
[EventCountry "RUS"]
[SourceTitle "EXT 2022"]
[Source "ChessBase"]
[SourceDate "2021.10.06"]
[SourceVersion "1"]
[SourceVersionDate "2021.10.06"]
[SourceQuality "1"]

1. e4 c5 2. Nc3 e6 3. g3 a6 4. Bg2 Qc7 5. Nge2 Nc6 6. 0-0 b5 7. d3 Bb7 8. a4 b4 9. Nb1 Nf6 10. Nd2 Be7 11. f4 Nh5 12. Nf3 Na5 13. Be3 c4 14. Qd2 cxd3 15. cxd3 Nb3 16. Qd1 Nxa1 17. Qxa1 Qc2 18. Nc1 Nxf4 19. Nd4 Qc7 20. Bd2 Qb6 21. Nce2 Bc5 22. b3 d6 23. Kh1 e5 0-1

[Event "Nizhnij Novgorod Region-ch"]
[Site "Nizhnij Novgorod"]
[Date "2012.10.06"]
[Round "?"]
[White "Vlasova, Ekaterina"]
[Black "Maksimov, Sergey A"]
[Result "1-0"]
[WhiteElo "1857"]
[BlackElo "1864"]
[PlyCount "55"]
[EventDate "2012.10.06"]
[EventType "swiss"]
[EventRounds "9"]
[EventCountry "RUS"]
[SourceTitle "EXT 2022"]
[Source "ChessBase"]
[SourceDate "2021.10.06"]
[SourceVersion "1"]
[SourceVersionDate "2021.10.06"]
[SourceQuality "1"]

1. e4 c5 2. Nf3 e6 3. d4 cxd4 4. Nxd4 a6 5. Nc3 Qc7 6. Bd3 b6 7. 0-0 Bb7 8. Qe2 Nc6 9. Nb3 Nf6 10. f4 d6 11. Be3 h5 12. Rae1 Be7 13. Bf2 Nd7 14. Qe3 b5 15. f5 Bf6 16. fxe6 fxe6 17. Qh3 Ke7 18. Qg3 Nce5 19. Bd4 Rag8 20. Ne2 h4 21. Qe3 Rf8 22. Bc3 h3 23. gxh3 Rh5 24. Nbd4 Qb6 25. Nf4 Rg5+ 26. Kh1 Nc5 27. Ndxe6 Nexd3 28. cxd3 1-0